000
00253nam a2200097Ia 4500
001
725672
005
20250826163414.0
008
250824s9999 xx 000 0 und d
245
0
_a
ATLI KARINCA
_c
Yazar Adı Belirtilmemiş
260
_b
ATLI KARINCA YAYINLARI
999
_c
725672
_d
725672